00429nam a2200133Ia 4500008004100000100001700041245009300058245001700151260005900168260000900227650001800236650001500254856002600269170221s9999 xx 000 0 und d aIsaac Nunoo. aDeterminants of News Selection in the Ghanaian Print Media: A Study of the Daily Graphic cIsaac Nunoo. bOnline Journal of Communication and Media Technologies c2013 xCommunication xMedia Arts uhttp://www.ojcmt.net/